000 00318nam a2200145Ia 4500
100 _aRashid/M.H
942 _cBK
366 _f15
654 _aspice
245 _aSpice for circuits and electronics using pspice
260 _bPrentice -Hall
_c2002
082 _a621.3815
_bRAS
300 _a364
546 _aENGLISH
999 _c27815
_d27815